[Event "100 Jahre Schvgg Blankenese - Open 2023"]
[Site "Lise-Meitner-Gymnasium (HH)"]
[Date "2023.09.30"]
[Round "2.2"]
[White "Ertan, Can"]
[Black "Spät, Alexander"]
[Result "1-0"]
[WhiteElo "2353"]
[BlackElo "1994"]
[PlyCount "91"]
[EventDate "2023.09.30"]
[EventType "swiss"]
[EventRounds "7"]
[WhiteTeam "FC ST.Pauli 1910 eV SAbt"]
[BlackTeam "SK Johanneum Eppendorf"]

1. e4 e6 2. d4 d5 3. Nc3 Nf6 4. Bg5 dxe4 5. Nxe4 Be7 6. Bxf6 gxf6 7. Nf3 f5 8.
Nc3 a6 9. Qd2 b5 10. Ne5 Bb7 11. Be2 Nd7 12. Bf3 Bxf3 13. Nxf3 Nf6 14. O-O-O b4
15. Ne2 Ne4 16. Qe3 Qd5 17. Kb1 Bf6 18. Nf4 Qa5 19. Nd2 Nxd2+ 20. Rxd2 Bg5 21.
d5 Bxf4 22. Qxf4 O-O-O 23. Rhd1 Rhe8 24. Rd4 Rxd5 25. Rxd5 exd5 26. Qxf5+ Kb7
27. Qxf7 Re2 28. Qf3 Re5 29. Qd3 Qc5 30. f4 Re4 31. g3 c6 32. Rc1 Qf2 33. a3
Qxh2 34. axb4 Rxb4 35. f5 Rg4 36. Qb3+ Kc7 37. f6 Qe2 38. Rh1 Qe4 39. Rf1 Qe2
40. Rc1 Qe6 41. Qf3 Rg8 42. f7 Rf8 43. Rf1 Kb7 44. Qf4 a5 45. Rf3 d4 46. Rb3+
1-0

[Event "100 Jahre Schvgg Blankenese - Open 2023"]
[Site "Lise-Meitner-Gymnasium (HH)"]
[Date "2023.09.30"]
[Round "2.3"]
[White "Goldmann, David"]
[Black "Schulze, Lara"]
[Result "0-1"]
[WhiteElo "1924"]
[BlackElo "2279"]
[PlyCount "38"]
[EventDate "2023.09.30"]
[EventType "swiss"]
[EventRounds "7"]
[WhiteTeam "Hamburger SK von 1830 eV"]
[BlackTeam "SAbt SV Werder Bremen"]

1. e4 e5 2. Nf3 Nc6 3. Bb5 a6 4. Bxc6 dxc6 5. O-O Bg4 6. h3 h5 7. d3 Qf6 8.
Nbd2 g5 9. Re1 Be6 10. Nh2 g4 11. hxg4 hxg4 12. Ndf1 O-O-O 13. Nxg4 Qh4 14.
Ngh2 Nf6 15. Qf3 Ng4 16. Qg3 Qxg3 17. fxg3 Bc5+ 18. Be3 Bxe3+ 19. Rxe3 Rxh2 0-1

[Event "100 Jahre Schvgg Blankenese - Open 2023"]
[Site "Lise-Meitner-Gymnasium (HH)"]
[Date "2023.09.30"]
[Round "2.4"]
[White "Brendel, Oliver"]
[Black "Bräutigam, Katerina"]
[Result "0-1"]
[WhiteElo "2316"]
[BlackElo "1880"]
[PlyCount "80"]
[EventDate "2023.09.30"]
[EventType "swiss"]
[EventRounds "7"]
[WhiteTeam "SV 1920 Hofheim"]
[BlackTeam "SK Doppelbauer Kiel von 1910 e.V"]

1. c4 g6 2. g3 Bg7 3. Bg2 d6 4. Nc3 e5 5. e4 Nc6 6. Nge2 f5 7. d3 Nf6 8. O-O
O-O 9. Nd5 fxe4 10. dxe4 Nxd5 11. cxd5 Nd4 12. Nxd4 exd4 13. b4 c5 14. bxc5
dxc5 15. f4 c4 16. e5 Qb6 17. Ba3 d3+ 18. Kh1 Rd8 19. Qa4 Qd4 20. Rac1 b5 21.
Qxb5 d2 22. Rxc4 d1=Q 23. Rxd4 Qxd4 24. e6 Qf6 25. Qc6 Bxe6 26. Qxe6+ Qf7 27.
f5 gxf5 28. Qxf7+ Kxf7 29. Rxf5+ Kg8 30. d6 Rac8 31. Bd5+ Kh8 32. Be6 Rc3 33.
Bb4 Re3 34. Bb3 h6 35. Rf7 a5 36. Bc5 Rc3 37. Rc7 Be5 38. Re7 Rxc5 39. d7 Bf6
40. Rf7 Rc6 0-1

[Event "100 Jahre Schvgg Blankenese - Open 2023"]
[Site "Lise-Meitner-Gymnasium (HH)"]
[Date "2023.09.30"]
[Round "2.5"]
[White "Wennmann, Thorsten"]
[Black "Bracker, Arne"]
[Result "0-1"]
[WhiteElo "1988"]
[BlackElo "2279"]
[PlyCount "58"]
[EventDate "2023.09.30"]
[EventType "swiss"]
[EventRounds "7"]
[WhiteTeam "SchVgg Blankenese von 1923 e.V."]
[BlackTeam "Hamburger SK von 1830 eV"]

1. d4 Nf6 2. c4 g6 3. f3 Bg7 4. Nc3 O-O 5. e4 d6 6. Nge2 c5 7. d5 e6 8. Ng3 Re8
9. Be2 a6 10. a4 exd5 11. cxd5 h5 12. Bg5 Qa5 13. Qd2 Nh7 14. Bf4 h4 15. Nf1
Qd8 16. g4 Qe7 17. Rg1 Nd7 18. Kd1 g5 19. Be3 Ne5 20. Kc2 Bd7 21. f4 gxf4 22.
Bxf4 b5 23. axb5 axb5 24. Rxa8 Rxa8 25. Qe3 Ng6 26. Rg2 b4 27. Nd1 Ba4+ 28. Kd2
Bxd1 29. Bxd1 Qf6 0-1

[Event "100 Jahre Schvgg Blankenese - Open 2023"]
[Site "Lise-Meitner-Gymnasium (HH)"]
[Date "2023.09.30"]
[Round "2.6"]
[White "Bracker, Frank"]
[Black "Atri, Jamshid"]
[Result "1/2-1/2"]
[WhiteElo "2299"]
[BlackElo "1952"]
[PlyCount "285"]
[EventDate "2023.09.30"]
[EventType "swiss"]
[EventRounds "7"]
[WhiteTeam "Hamburger SK von 1830 eV"]
[BlackTeam "Hamburger SK von 1830 eV"]

1. Nf3 Nf6 2. c4 e6 3. g3 d5 4. Bg2 Be7 5. O-O O-O 6. d4 dxc4 7. Qc2 a6 8. a4
Bd7 9. Qxc4 Bc6 10. Bg5 Nbd7 11. Nc3 h6 12. Bxf6 Nxf6 13. Rfd1 a5 14. e3 Bb4
15. Qe2 Qe7 16. Ne5 Bxg2 17. Kxg2 c6 18. Rac1 Rad8 19. f4 Nd5 20. Ne4 Nb6 21.
Qc2 f6 22. Nd3 Nd5 23. Qe2 Rc8 24. Rc2 Rc7 25. h4 b6 26. Rdc1 Rfc8 27. Qf3 Qd7
28. b3 Ba3 29. Rd1 Qe8 30. Nd2 Nb4 31. Nxb4 Bxb4 32. Nc4 b5 33. Nb2 c5 34. d5
c4 35. d6 Rd7 36. bxc4 bxa4 37. c5 Bxc5 38. Nxa4 Bb4 39. Rc6 Rcd8 40. Qe4 Rxd6
41. Rdc1 f5 42. Qf3 Rxc6 43. Rxc6 e5 44. fxe5 Qxe5 45. Nb6 Rd2+ 46. Kh3 Qe4 47.
Rc8+ Kh7 48. Qxe4 fxe4 49. Kg4 Rd6 50. Nc4 Rg6+ 51. Kf4 h5 52. Kxe4 Rxg3 53.
Ne5 Be7 54. Nf7 Rg4+ 55. Kd5 Rxh4 56. e4 Rf4 57. Ke6 Bb4 58. Rh8+ Kg6 59. Ne5+
Kg5 60. Nf7+ Kh4 61. e5 g5 62. Nh6 Kh3 63. Nf7 Kh4 64. Nh6 Rf3 65. Kd5 Rf1 66.
e6 g4 67. Rg8 Kh3 68. Nf7 g3 69. Ng5+ Kh4 70. Ke4 g2 71. Nf3+ Kh3 72. Rg7 h4
73. Ke3 Rh1 74. Ng5+ Kg4 75. Nf3+ Kh3 76. Ng5+ Kg4 77. Nf3+ Kf5 78. Nxh4+ Ke5
79. Nxg2 Kd5 80. Kd3 Kc5 81. Rg5+ Kb6 82. Kc2 Rg1 83. Kb3 Rb1+ 84. Kc2 Rg1 85.
Kb3 Rf1 86. Rg3 Kb5 87. Ne3 a4+ 88. Kb2 Rf2+ 89. Kb1 a3 90. Nc2 a2+ 91. Kxa2
Rxc2+ 92. Kb3 Rc5 93. Rf3 Rg5 94. Rh3 Rg7 95. Rf3 Ra7 96. Kb2 Bc5 97. Rb3+ Ka4
98. Rb8 Bb4 99. Kc2 Re7 100. Ra8+ Ba5 101. Rb8 Rh7 102. Kc1 Rh2 103. Rb2 Rh4
104. Kc2 Rh2+ 105. Kc1 Rh1+ 106. Kc2 Bb4 107. Kd3 Kb5 108. Kd4 Rd1+ 109. Ke4
Kc4 110. Re2 Rf1 111. Rc2+ Bc3 112. Re2 Rf6 113. Ra2 Rxe6+ 114. Kf5 Re5+ 115.
Kf4 Re8 116. Ra4+ Kd3 117. Kf5 Re5+ 118. Kf4 Re6 119. Kf5 Rf6+ 120. Kg5 Rf8
121. Kg4 Bd4 122. Kg5 Ke4 123. Kg4 Rg8+ 124. Kh4 Kd5 125. Rb4 Be5 126. Rg4 Rh8+
127. Kg5 Ke6 128. Kg6 Ra8 129. Kg5 Ra1 130. Rg2 Rf1 131. Kg4 Rf4+ 132. Kg5 Rf1
133. Kg4 Rf8 134. Ra2 Rf4+ 135. Kg5 Rd4 136. Re2 Rd3 137. Rg2 Rd7 138. Re2 Rd8
139. Kg4 Rf8 140. Ra2 Rg8+ 141. Kf3 Kf5 142. Ra4 Rg3+ 143. Kf2 1/2-1/2

[Event "100 Jahre Schvgg Blankenese - Open 2023"]
[Site "Lise-Meitner-Gymnasium (HH)"]
[Date "2023.09.30"]
[Round "2.7"]
[White "Steinbrenner, Jürg"]
[Black "Kotyk, Michael"]
[Result "0-1"]
[WhiteElo "1973"]
[BlackElo "2150"]
[PlyCount "130"]
[EventDate "2023.09.30"]
[EventType "swiss"]
[EventRounds "7"]
[WhiteTeam "FC ST.Pauli 1910 eV SAbt"]
[BlackTeam "Hamburger SK von 1830 eV"]

1. e4 e5 2. Nf3 Nc6 3. d4 exd4 4. c3 d5 5. exd5 Qxd5 6. cxd4 Bg4 7. Be2 Nf6 8.
Nc3 Bb4 9. O-O Qd7 10. d5 Bxf3 11. Bxf3 Ne7 12. Qb3 Bxc3 13. bxc3 O-O 14. Ba3
Rfe8 15. Bxe7 Qxe7 16. Qxb7 Qc5 17. Qb4 Qd6 18. Rab1 Nd7 19. Rfe1 g6 20. Rxe8+
Rxe8 21. Qxd6 cxd6 22. g3 Nb6 23. Rb3 Kg7 24. Ra3 Re7 25. Kg2 Kf6 26. Ra5 Rc7
27. Bd1 Ke5 28. Bb3 Nc8 29. c4 Kd4 30. h4 Nb6 31. Kf3 Nd7 32. g4 Nc5 33. Rb5
Rb7 34. Rxb7 Nxb7 35. Kf4 Nc5 36. f3 h6 37. Kg3 g5 38. hxg5 hxg5 39. f4 f6 40.
fxg5 fxg5 41. Kf3 a5 42. Bd1 Kxc4 43. Ke3 Kxd5 44. Bf3+ Ke5 45. Be2 d5 46. Bb5
d4+ 47. Kd2 Ne4+ 48. Ke1 Nc3 49. Bc4 Nd5 50. Kd2 Nf4 51. a4 Ne6 52. Bb3 Nc5 53.
Bc2 Kf4 54. Bd1 Kg3 55. Be2 d3 56. Bxd3 Nxd3 57. Kxd3 Kxg4 58. Kc4 Kf5 59. Kb5
g4 60. Kxa5 g3 61. Ka6 g2 62. a5 g1=Q 63. Kb7 Qg2+ 64. Ka7 Qg7+ 65. Kb6 Qd4+
0-1

[Event "100 Jahre Schvgg Blankenese - Open 2023"]
[Site "Lise-Meitner-Gymnasium (HH)"]
[Date "2023.09.30"]
[Round "2.8"]
[White "Popvasilev, Kaloyan"]
[Black "Piepenhagen, Eric"]
[Result "1/2-1/2"]
[WhiteElo "2215"]
[BlackElo "1802"]
[PlyCount "45"]
[EventDate "2023.09.30"]
[EventType "swiss"]
[EventRounds "7"]
[WhiteTeam "SV Bargteheide"]
[BlackTeam "Niendorfer TSV 1919 SAbt"]

1. e4 c5 2. Nc3 e6 3. g3 Nc6 4. Bg2 Nf6 5. Nge2 d5 6. d3 Be7 7. O-O O-O 8. exd5
exd5 9. Nf4 d4 10. Ne4 Re8 11. Nxf6+ Bxf6 12. Nd5 Be6 13. Nxf6+ Qxf6 14. Qh5
Qf5 15. Qxf5 Bxf5 16. Bf3 Nb4 17. Bf4 Nxc2 18. Rac1 Bxd3 19. Rfe1 Bg6 20. Bxb7
d3 21. Bxa8 Rxa8 22. b3 a6 23. Be3 1/2-1/2

[Event "100 Jahre Schvgg Blankenese - Open 2023"]
[Site "Lise-Meitner-Gymnasium (HH)"]
[Date "2023.09.30"]
[Round "2.9"]
[White "Eichstädt, Enrico"]
[Black "Hovhannisyan, Artur"]
[Result "0-1"]
[WhiteElo "1916"]
[BlackElo "2217"]
[PlyCount "124"]
[EventDate "2023.09.30"]
[EventType "swiss"]
[EventRounds "7"]
[WhiteTeam "SK Norderstedt von 1975"]
[BlackTeam "SK Norderstedt von 1975"]

1. e4 c5 2. c3 d5 3. exd5 Qxd5 4. d4 Nf6 5. h3 Nc6 6. Nf3 e6 7. Bd3 Be7 8. O-O
O-O 9. Be3 cxd4 10. cxd4 b6 11. Nc3 Qd8 12. Rc1 Bb7 13. Qe2 Nb4 14. Bc4 Rc8 15.
a3 Bxf3 16. gxf3 Nbd5 17. Nxd5 Nxd5 18. Ba6 Rxc1 19. Rxc1 Bd6 20. Rc8 Qh4 21.
Rxf8+ Kxf8 22. Kg2 Bf4 23. Bb7 Qg5+ 24. Kf1 Nxe3+ 25. fxe3 Bxe3 26. Qh2 Qd8 27.
d5 exd5 28. Qe5 d4 29. Bd5 Kg8 30. Qf5 Qe8 31. Be4 g6 32. Qd5 Qe7 33. Qb5 Qh4
34. Qe8+ Kg7 35. Qe5+ Kh6 36. Qh2 Qg5 37. Qg2 Qb5+ 38. Qe2 Qxe2+ 39. Kxe2 Bc1
40. b3 Bxa3 41. Bd5 f6 42. Bg8 Kg7 43. Bc4 f5 44. Kf2 g5 45. Bd3 Kf6 46. Kg3
Bd6+ 47. Kg2 Ke5 48. Kg3 Kf6+ 49. Kg2 h5 50. Be2 Ke5 51. Bd3 Kf4 52. Kf2 g4 53.
fxg4 fxg4 54. hxg4 hxg4 55. Ba6 g3+ 56. Ke2 Kg4 57. Bc8+ Kh4 58. Bf5 Bf4 59.
Kf3 Be3 60. Kg2 Kg5 61. Bd3 Kf4 62. Bc2 Bf2 0-1

[Event "100 Jahre Schvgg Blankenese - Open 2023"]
[Site "Lise-Meitner-Gymnasium (HH)"]
[Date "2023.09.30"]
[Round "2.10"]
[White "Keyser, Robin"]
[Black "Pienski, Olaf"]
[Result "1/2-1/2"]
[WhiteElo "2175"]
[BlackElo "1852"]
[PlyCount "73"]
[EventDate "2023.09.30"]
[EventType "swiss"]
[EventRounds "7"]
[WhiteTeam "SK Johanneum Eppendorf"]
[BlackTeam "SF Leherheide von 1950"]

1. d4 d6 2. Nf3 Nd7 3. c4 e5 4. Nc3 Ngf6 5. e4 g6 6. g3 Bg7 7. Bg2 O-O 8. O-O
a6 9. a4 a5 10. h3 Re8 11. Be3 c6 12. d5 cxd5 13. cxd5 Nc5 14. Bxc5 dxc5 15.
Nd2 b6 16. Nc4 Ba6 17. Nb5 Bxb5 18. axb5 Rb8 19. Ra3 Qd7 20. f4 Nh5 21. fxe5
Bxe5 22. Nxe5 Rxe5 23. Raf3 Rf8 24. g4 Ng7 25. Rf6 Ne8 26. Rxb6 Nd6 27. Qc2
Rfe8 28. Rf4 Qe7 29. Qxc5 Qg5 30. Rf1 Nxe4 31. Bxe4 Rxe4 32. Rbf6 Rxg4+ 33.
hxg4 Qxg4+ 34. Kh1 Qh3+ 35. Kg1 Qg3+ 36. Kh1 Qh3+ 37. Kg1 1/2-1/2

[Event "100 Jahre Schvgg Blankenese - Open 2023"]
[Site "Lise-Meitner-Gymnasium (HH)"]
[Date "2023.09.30"]
[Round "2.11"]
[White "Thomas, Jeremy"]
[Black "Hebbinghaus, Holger"]
[Result "0-1"]
[WhiteElo "1879"]
[BlackElo "2200"]
[PlyCount "81"]
[EventDate "2023.09.30"]
[EventType "swiss"]
[EventRounds "7"]
[WhiteTeam "Blau-Weiss Buchholz"]
[BlackTeam "SK Doppelbauer Kiel von 1910 e.V"]

1. e4 c6 2. d4 d5 3. Nd2 dxe4 4. Nxe4 Nf6 5. Nxf6+ exf6 6. Be3 Bd6 7. Qd2 O-O
8. Bd3 Re8 9. Ne2 Nd7 10. O-O-O Nf8 11. Ng3 Be6 12. Kb1 b5 13. Nf5 g6 14. Nxd6
Qxd6 15. f3 Nd7 16. h4 Nb6 17. h5 Bxa2+ 18. Ka1 Nc4 19. Bxc4 Bxc4 20. hxg6 fxg6
21. Qc3 Bd5 22. Rde1 b4 23. Qc5 Qxc5 24. dxc5 b3 25. cxb3 Bxb3 26. Bd4 Rxe1+
27. Rxe1 Kf7 28. Re3 Bc4 29. Kb1 Rd8 30. Bc3 Bb3 31. Re1 h5 32. Kc1 Rd5 33. Rh1
h4 34. Bd2 Rxc5+ 35. Kb1 g5 36. f4 Rc2 37. Be3 Rxg2 38. fxg5 fxg5 39. Bxa7 Kg6
40. Rf1 Bd5 41. b4 0-1

[Event "100 Jahre Schvgg Blankenese - Open 2023"]
[Site "Lise-Meitner-Gymnasium (HH)"]
[Date "2023.09.30"]
[Round "2.12"]
[White "Callsen, Niklas"]
[Black "Reuter, Maximilian"]
[Result "1-0"]
[WhiteElo "2163"]
[BlackElo "1910"]
[PlyCount "72"]
[EventDate "2023.09.30"]
[EventType "swiss"]
[EventRounds "7"]
[WhiteTeam "SK Doppelbauer Kiel von 1910 e.V"]
[BlackTeam "SchVgg Blankenese von 1923 e.V."]

1. e4 e6 2. d4 d5 3. Nc3 Bb4 4. e5 c5 5. a3 Bxc3+ 6. bxc3 Ne7 7. h4 Qa5 8. Bd2
Nbc6 9. h5 h6 10. Nf3 Qa4 11. Rh4 c4 12. g3 Bd7 13. Rf4 O-O-O 14. Rxf7 Be8 15.
Rxg7 Nf5 16. Rg4 Bxh5 17. Rf4 Rdg8 18. Bh3 Bg6 19. Nh4 Nxh4 20. Bxe6+ Kb8 21.
Rxh4 Bxc2 22. Qc1 Rd8 23. Rxh6 Rhe8 24. Bg5 Ne7 25. Bf7 Qb3 26. Kd2 Rf8 27.
Qxc2 Rxf7 28. Rf6 Rg7 29. Bh6 Rg4 30. Rf7 Qb6 31. Bf4 Nc6 32. Rb1 Qa6 33. e6+
Ka8 34. Rfxb7 Rxf4 35. gxf4 Na5 36. Rd7 Rf8 1-0

[Event "100 Jahre Schvgg Blankenese - Open 2023"]
[Site "Lise-Meitner-Gymnasium (HH)"]
[Date "2023.09.30"]
[Round "2.13"]
[White "Harms, Friedjof"]
[Black "Parvanyan, Alfred"]
[Result "0-1"]
[WhiteElo "1859"]
[BlackElo "2137"]
[PlyCount "48"]
[EventDate "2023.09.30"]
[EventType "swiss"]
[EventRounds "7"]
[WhiteTeam "SV Bad Bevensen"]
[BlackTeam "SK Norderstedt von 1975"]

1. e4 d6 2. d4 Nf6 3. Bd3 g6 4. Nf3 Bg7 5. O-O O-O 6. Nbd2 c5 7. d5 e6 8. c4
exd5 9. exd5 b5 10. Re1 Nbd7 11. Rb1 bxc4 12. Nxc4 Nb6 13. Bf4 Nxc4 14. Bxc4
Bf5 15. Bd3 Nxd5 16. Bg3 Ne7 17. Bxf5 Nxf5 18. Qd5 Rb8 19. b3 Qa5 20. Bxd6 Rfd8
21. Qxc5 Rb5 22. Qc7 Nxd6 23. Rbc1 Qxc7 24. Rxc7 Rb7 0-1

[Event "100 Jahre Schvgg Blankenese - Open 2023"]
[Site "Lise-Meitner-Gymnasium (HH)"]
[Date "2023.09.30"]
[Round "2.14"]
[White "Thomaschke, Dirk"]
[Black "Lau, Felix"]
[Result "1/2-1/2"]
[WhiteElo "2163"]
[BlackElo "1913"]
[PlyCount "72"]
[EventDate "2023.09.30"]
[EventType "swiss"]
[EventRounds "7"]
[WhiteTeam "FC ST.Pauli 1910 eV SAbt"]
[BlackTeam "SchVgg Blankenese von 1923 e.V."]

1. e4 e6 2. d4 d5 3. Nd2 Nc6 4. Ngf3 Nf6 5. e5 Nd7 6. Bd3 f6 7. exf6 Qxf6 8.
O-O Nxd4 9. Nxd4 Qxd4 10. Nf3 Qf6 11. c4 Bd6 12. cxd5 Ne5 13. Bb5+ c6 14. dxc6
Nxf3+ 15. gxf3 Bxh2+ 16. Kxh2 Qe5+ 17. Kg1 Qxb5 18. cxb7 Bxb7 19. Qd6 Qf5 20.
Re1 Bd5 21. Re5 Qxf3 22. Rxe6+ Bxe6 23. Qxe6+ Kf8 24. Be3 Qf7 25. Qd6+ Kg8 26.
Rc1 Qg6+ 27. Qxg6 hxg6 28. Rc7 Rh4 29. Rd7 a6 30. Bd4 Rh7 31. Bc3 g5 32. Kg2
Re8 33. Ra7 Re6 34. Kg3 Kf8 35. Bb4+ Ke8 36. Bc3 Kf8 1/2-1/2

[Event "100 Jahre Schvgg Blankenese - Open 2023"]
[Site "Lise-Meitner-Gymnasium (HH)"]
[Date "2023.09.30"]
[Round "2.15"]
[White "Topalov, Mihail"]
[Black "Helmer, Jan"]
[Result "0-1"]
[WhiteElo "1914"]
[BlackElo "2174"]
[PlyCount "144"]
[EventDate "2023.09.30"]
[EventType "swiss"]
[EventRounds "7"]
[WhiteTeam "SK Johanneum Eppendorf"]
[BlackTeam "Hamelner SV"]

1. e4 c5 2. Nf3 Nc6 3. d4 cxd4 4. Nxd4 e5 5. Nb5 d6 6. N1c3 a6 7. Na3 Be7 8.
Bd3 b5 9. Nd5 Nf6 10. Nxf6+ Bxf6 11. c3 O-O 12. O-O Bg5 13. Qh5 Bxc1 14. Raxc1
Be6 15. Bb1 Qb6 16. Nc2 a5 17. Kh1 b4 18. cxb4 axb4 19. b3 Rfc8 20. Qd1 Ne7 21.
Qd2 Rab8 22. Ne3 Rd8 23. Rfd1 d5 24. exd5 Nxd5 25. Qc2 g6 26. Nc4 Qc7 27. Qe4
f6 28. Ne3 Nc3 29. Rxd8+ Qxd8 30. Qc6 Rb6 31. Qf3 Kg7 32. Nf1 Qd7 33. h3 Rd6
34. Ng3 f5 35. Kh2 Rd1 36. Rxd1 Qxd1 37. Qxd1 Nxd1 38. f3 Nc3 39. Bc2 Nxa2 40.
Ne2 Kf6 41. Kg1 Ke7 42. Kf2 Kd6 43. Ke3 Kc5 44. Kd2 Bd5 45. Bd1 Bc6 46. Bc2 Bd5
47. Bd1 e4 48. fxe4 Bxe4 49. g3 Bf3 50. Ke3 Bxe2 51. Bxe2 Nc3 52. Bd3 Nd5+ 53.
Kf3 Kd4 54. Bc4 Ke5 55. h4 Nf6 56. Bf7 Ne4 57. Bg8 h6 58. Bf7 g5 59. Bg8 g4+
60. Kg2 Kd4 61. Be6 Nd6 62. Kf2 Kd3 63. Bd7 Ke4 64. Be6 Nb5 65. Bg8 Nd4 66. Bc4
f4 67. gxf4 Kxf4 68. Bf7 g3+ 69. Kg2 Nf3 70. h5 Nh4+ 71. Kg1 Kg4 72. Be8 g2 0-1

[Event "100 Jahre Schvgg Blankenese - Open 2023"]
[Site "Lise-Meitner-Gymnasium (HH)"]
[Date "2023.09.30"]
[Round "2.16"]
[White "Kahlert, Thomas"]
[Black "Emami, Madjid"]
[Result "1/2-1/2"]
[WhiteElo "2117"]
[BlackElo "1891"]
[PlyCount "102"]
[EventDate "2023.09.30"]
[EventType "swiss"]
[EventRounds "7"]
[WhiteTeam "FC ST.Pauli 1910 eV SAbt"]
[BlackTeam "Hamburger SK von 1830 eV"]

1. c4 g6 2. Nc3 Bg7 3. Nf3 e5 4. d4 exd4 5. Nxd4 Nc6 6. Nxc6 bxc6 7. g3 f5 8.
Bg2 Nf6 9. O-O O-O 10. Qc2 Qe8 11. Bf4 d6 12. Rad1 Nh5 13. Bc1 Be6 14. Qa4 Bd7
15. Qa5 Rc8 16. Qxa7 Bxc3 17. bxc3 Qxe2 18. Qd4 Rce8 19. c5 d5 20. Rd2 Qe4 21.
c4 f4 22. Qxe4 Rxe4 23. Bb2 Ree8 24. Rc1 f3 25. Bf1 Be6 26. h3 Nf6 27. Bxf6
Rxf6 28. a4 Ra8 29. Ra2 Ra5 30. cxd5 Bxd5 31. Bc4 Re6 32. Kh2 Re5 33. g4 Re4
34. Bxd5+ cxd5 35. Kg3 Kf7 36. Kxf3 Raxa4 37. Rb2 Ke6 38. Rb8 Kd7 39. c6+ Ke7
40. Rc8 Rec4 41. Rxc7+ Kd8 42. Rd7+ Kc8 43. Re1 Rxc6 44. Rxh7 Rf6+ 45. Kg2 Rf8
46. Re6 Ra2 47. Rxg6 Raxf2+ 48. Kg3 R2f3+ 49. Kh4 d4 50. Rc6+ Kb8 51. Rd6 d3
1/2-1/2

[Event "100 Jahre Schvgg Blankenese - Open 2023"]
[Site "Lise-Meitner-Gymnasium (HH)"]
[Date "2023.09.30"]
[Round "2.17"]
[White "Genov, Valentin"]
[Black "Helms, Finn"]
[Result "0-1"]
[WhiteElo "1796"]
[BlackElo "2029"]
[PlyCount "58"]
[EventDate "2023.09.30"]
[EventType "swiss"]
[EventRounds "7"]
[WhiteTeam "SK Kirchweyhe 1947"]
[BlackTeam "SAbt SV Werder Bremen"]

1. d4 Nf6 2. c4 e6 3. Nc3 Bb4 4. f3 d5 5. a3 Bxc3+ 6. bxc3 c5 7. cxd5 exd5 8.
e3 O-O 9. Bd3 b6 10. Ne2 Nc6 11. O-O Re8 12. Re1 Be6 13. Ng3 Qd7 14. Bb2 h5 15.
Qd2 h4 16. Nh1 Na5 17. Rad1 Nb3 18. Qe2 Bf5 19. Bb5 Qd6 20. Bxe8 Rxe8 21. c4
cxd4 22. Bxd4 Nh5 23. cxd5 Qg6 24. Qb5 Rc8 25. Qxb3 Rc2 26. Nf2 Bh3 27. g4 hxg3
28. Ng4 gxh2+ 29. Kh1 Ng3# 0-1

[Event "100 Jahre Schvgg Blankenese - Open 2023"]
[Site "Lise-Meitner-Gymnasium (HH)"]
[Date "2023.09.30"]
[Round "2.18"]
[White "Rolf, Marco"]
[Black "Lehmkuhl, Stefan"]
[Result "1-0"]
[WhiteElo "2056"]
[BlackElo "1846"]
[PlyCount "87"]
[EventDate "2023.09.30"]
[EventType "swiss"]
[EventRounds "7"]
[WhiteTeam "TV Fischbek Suederelbe"]
[BlackTeam "SF Buxtehude"]

1. d4 Nf6 2. c4 d6 3. Nc3 c6 4. Nf3 Qa5 5. Bd2 Nbd7 6. g3 e5 7. Bg2 Qc7 8. O-O
Be7 9. Qc2 O-O 10. Rac1 Re8 11. Rfd1 Bf8 12. e4 exd4 13. Nxd4 Nc5 14. b4 Ne6
15. Nce2 Nxd4 16. Nxd4 Qb6 17. c5 dxc5 18. bxc5 Qc7 19. Bf4 Qa5 20. Nb3 Qa3 21.
Rd4 Be6 22. Bd6 Red8 23. Rcd1 Ne8 24. Bxf8 Rxd4 25. Nxd4 Kxf8 26. Nxe6+ fxe6
27. Rd7 Qa5 28. Qc1 Rd8 29. Qf4+ Nf6 30. Rxd8+ Qxd8 31. e5 Qd1+ 32. Bf1 Qa1 33.
exf6 e5 34. fxg7+ Kxg7 35. Qg4+ Kf6 36. h4 Qc1 37. Kg2 Qxc5 38. Bc4 Ke7 39.
Qe6+ Kd8 40. Qg8+ Kc7 41. Qxh7+ Kb6 42. Qe4 Kc7 43. h5 b5 44. Bb3 1-0

[Event "100 Jahre Schvgg Blankenese - Open 2023"]
[Site "Lise-Meitner-Gymnasium (HH)"]
[Date "2023.09.30"]
[Round "2.19"]
[White "Paulsen, Tino"]
[Black "Porth, Hartmut"]
[Result "0-1"]
[WhiteElo "1754"]
[BlackElo "2003"]
[PlyCount "52"]
[EventDate "2023.09.30"]
[EventType "swiss"]
[EventRounds "7"]
[WhiteTeam "SF Hamburg e.V. 1934"]
[BlackTeam "SV Bargteheide"]

1. e4 Nc6 2. Nf3 d6 3. d4 Nf6 4. Nc3 g6 5. h3 Bg7 6. Bd3 O-O 7. O-O a6 8. Be3
e5 9. dxe5 dxe5 10. Ne2 Qe7 11. Ng3 h6 12. c3 Be6 13. b4 Nd7 14. a4 f5 15. b5
axb5 16. axb5 Rxa1 17. Qxa1 Nd8 18. Bc1 f4 19. Ne2 g5 20. Qa7 Nc5 21. Ba3 b6
22. Nh2 f3 23. Ng3 fxg2 24. Kxg2 Qd7 25. Rd1 Nxd3 26. Bxf8 Nf4+ 0-1

[Event "100 Jahre Schvgg Blankenese - Open 2023"]
[Site "Lise-Meitner-Gymnasium (HH)"]
[Date "2023.09.30"]
[Round "2.20"]
[White "Braeutigam, Alexander"]
[Black "Winkelmann, Martin"]
[Result "1-0"]
[WhiteElo "1892"]
[BlackElo "1769"]
[PlyCount "65"]
[EventDate "2023.09.30"]
[EventType "swiss"]
[EventRounds "7"]
[WhiteTeam "SK Doppelbauer Kiel von 1910 e.V"]
[BlackTeam "SF Buxtehude"]

1. c4 d6 2. Nc3 e5 3. g3 f5 4. d3 Nf6 5. Bg2 Be7 6. Nf3 O-O 7. O-O c6 8. Qc2
Qe8 9. b4 Nbd7 10. Ng5 Bd8 11. b5 Nc5 12. bxc6 bxc6 13. Ba3 Bb6 14. Na4 Bd7 15.
Bxc5 Bxc5 16. Nxc5 dxc5 17. Qc3 Qh5 18. Nf3 e4 19. Ne5 Ng4 20. Nxg4 Qxg4 21.
dxe4 fxe4 22. Qe3 Rae8 23. Qxc5 Qxe2 24. Qxa7 Rf7 25. Qd4 Rfe7 26. Rae1 Qxa2
27. Rxe4 Rxe4 28. Bxe4 Qe2 29. Bxh7+ Kxh7 30. Qxd7 Re6 31. c5 Rh6 32. Qf5+ Rg6
33. Rb1 1-0

[Event "100 Jahre Schvgg Blankenese - Open 2023"]
[Site "Lise-Meitner-Gymnasium (HH)"]
[Date "2023.09.30"]
[Round "2.21"]
[White "Neller, Christian"]
[Black "Annegarn, Alexander"]
[Result "1-0"]
[WhiteElo "1757"]
[BlackElo "1983"]
[PlyCount "137"]
[EventDate "2023.09.30"]
[EventType "swiss"]
[EventRounds "7"]
[WhiteTeam "SF Wedel"]
[BlackTeam "SG Glückstadt von 1920"]

1. d4 b5 2. Nf3 Bb7 3. a3 Nf6 4. Nc3 a6 5. Bg5 e6 6. e4 h6 7. Bxf6 Qxf6 8. e5
Qd8 9. Bd3 d6 10. Ne4 Nd7 11. O-O Be7 12. Rc1 O-O 13. c4 bxc4 14. Bb1 Rb8 15.
Qc2 Bxe4 16. Qxe4 f5 17. Qc6 Nb6 18. Nd2 c3 19. Rxc3 Nd5 20. Rc2 Rb6 21. Qc4
Qb8 22. b4 Bg5 23. Nb3 Be7 24. Re1 dxe5 25. dxe5 Bxb4 26. axb4 Rxb4 27. Qxa6
Rb6 28. Qa4 Rxb3 29. Ba2 Rb5 30. h3 Re8 31. Rec1 Re7 32. Qh4 Rb4 33. Qh5 Nf4
34. Qxf5 Qc8 35. Qg4 Qa6 36. Qf3 Rf7 37. Kh2 Nd3 38. Bxe6 Qxe6 39. Qxd3 Qxe5+
40. Qg3 Qxg3+ 41. Kxg3 Rb7 42. f4 Kf8 43. Kf3 Rd7 44. Ke4 Ke7 45. Rc6 Kd8 46.
g4 Rb4+ 47. R1c4 Re7+ 48. Kd5 Rxc4 49. Rxc4 Re3 50. h4 Rh3 51. h5 Rg3 52. f5
Kd7 53. Ke5 Rg1 54. f6 Re1+ 55. Kf5 Rf1+ 56. Kg6 Rxf6+ 57. Kxg7 Re6 58. g5 hxg5
59. h6 Kd6 60. h7 Re7+ 61. Kg6 Rxh7 62. Kxh7 c5 63. Kg6 Kd5 64. Rc1 g4 65. Kf5
Kd4 66. Kxg4 c4 67. Kf3 Kd3 68. Rd1+ Kc2 69. Rd8 1-0

[Event "100 Jahre Schvgg Blankenese - Open 2023"]
[Site "Lise-Meitner-Gymnasium (HH)"]
[Date "2023.09.30"]
[Round "2.22"]
[White "Urban, Ralf-Dieter"]
[Black "Loayza, Ignacio"]
[Result "1-0"]
[WhiteElo "2003"]
[BlackElo "1666"]
[PlyCount "41"]
[EventDate "2023.09.30"]
[EventType "swiss"]
[EventRounds "7"]
[WhiteTeam "SK Union Eimsbuettel eV"]
[BlackTeam "USG Chemnitz"]

1. e4 e5 2. Nf3 Nf6 3. Nc3 Bc5 4. Bc4 Nc6 5. d3 O-O 6. Bg5 h6 7. Bh4 d6 8. Nd5
g5 9. Bg3 Bg4 10. c3 Nxd5 11. Bxd5 Ne7 12. Bb3 Kg7 13. h4 Qd7 14. hxg5 hxg5 15.
Qd2 f6 16. d4 exd4 17. cxd4 Bb6 18. Nxg5 fxg5 19. Qxg5+ Ng6 20. Qh6+ Kf6 21.
Bh4# 1-0